Papers presented at the Third National Accom[m]odation and Catering Exhibition and Seminar, Melbourne, October 26, 27 and 28, 1964.

Saved in:
Bibliografiske detaljer
Institution som forfatter: National Accommodation and Catering Exhibition and Seminar Melbourne, Vic.
Format: Conference Proceeding Bog
Sprog:English
Udgivet: Melbourne : NACES, 1964.
Fag:
LEADER 00995nam a2200241 a 4500
001 c000300926
003 CARM
005 20061111052304.0
008 951103s1964 vra 10000 eng d
019 1 |a 11876278  |5 LACONCORD2021 
035 |a (OCoLC)221772189  |5 LACONCORD2021 
040 |a CLONE  |c VIT 
082 0 4 |a 647.9  |2 20 
111 2 0 |a National Accommodation and Catering Exhibition and Seminar  |n (3rd :  |d 1964 :  |c Melbourne, Vic.) 
245 1 0 |a Papers presented at the Third National Accom[m]odation and Catering Exhibition and Seminar, Melbourne, October 26, 27 and 28, 1964. 
260 |a Melbourne :  |b NACES,  |c 1964. 
300 |a 88 p. ;  |b 34 cm. 
500 |a Cover title. 
650 0 |a Food service  |x Congresses. 
650 0 |a Hotel management  |x Congresses. 
852 8 |b CARM  |h A3:AF37C0  |i F07366  |p 0549264  |f BK 
999 f f |i 0c37b8fb-6488-5b7c-93a4-e4a0dfd6e48f  |s 76f3d021-0fca-53eb-9771-024e4d9d6c67 
952 f f |p Can circulate  |a CAVAL  |b CAVAL  |c CAVAL  |d CARM 1 Store  |e F07366  |f A3:AF37C0  |h Other scheme  |i book  |m 0549264